Trouvez le trésor en France dans le temps imparti - Statistiques

Statistiques générales
  • Ce quiz a été pris 26 fois
  • Le résultat moyen est 3 sur 8
Statistiques - réponses
Hint Réponse % Correct
1 / La quête commence dans une ville en France de plus de 30000 habitants qui finit par deux F Malakoff
100%
2 / Il faut quitter les Hauts de Seine et se diriger vers la Seine Maritime dans la plus grande ville du département finissant par un p Fécamp
50%
3 / Direction la Bretagne dans la ville la plus peuplée de 4 lettres de la région (19600 habitants en 2022) Bruz
25%
4 / Étape suivante, allez dans la ville de plus de 20000 habitants en Vendée qui se prononce à l'oral comme un Bateau à fond plat pour le transport des marchandises (la ville ne doit pas contenir de faute évidemment) Challans
20%
7 / Vous y êtes presque, allez dans la ville en deux mots la plus peuplée des Bouches du Rhône (37 599 habitants en 2022) La Ciotat
20%
6 / Ensuite rendez-vous dans la 3e ville la plus peuplée des Pyrénées Atlantiques finissant par un Z (après Biarritz et Saint-Jean-de-Luz) Orthez
20%
8 / OK, je vais vous dire où se cache le trésor : il est scindé en deux et se trouve dans la salle des archives de la mairie des deux villes de France de plus de 140000 habitants (en 2025) qui portent le même nom Saint-Denis
20%
5 / Vous avez fait la moitié, direction l'auvergne dans une sous-préfecture qui porte le nom de famille d'un ancien président de la République Française Thiers
20%
Aucun quiz correspondant
Distribution des résultats
% des personnes avec chaque résultat
Percentile par nombre de réponses
Votre historique - résultats
Vous n’avez pas pris ce quiz